home page   АИС "Историко-культурное наследие Беларуси"
  Базовый | Расширенный | Профессиональный | Словарь персоналий | Тематический словарь | По видам объектов История запросов  Заказы    Регистрация

Запись в MARC-формате

копировать MARC-запись

=LDR  00000nx\\c2200241\\\45\\
=001  BY-NLB-ar2272623
=005  20160330095628.1
=100  \\$a20060328arusy50\\\\\\ca0
=152  \\$apsbo
=160  \\$ae-bw
=215  \\$aКостел святого архангела Михаила (Луконица, деревня; Зельвенский район)
=300  1\$aПамятник архитектуры позднего барокко. Построен в 1782 г. В 1990-х гг. находился в полуразрушенном состоянии, в 1994 г. восстановлен.
=356  \\$aНаходится в северо-восточной части деревни Луконица Зельвенского района Гродненской области.
=415  \\$aКостел святого Михаила архангела (Луконица, деревня; Зельвенский район)
=415  \\$aМихайловский костел (Луконица, деревня; Зельвенский район)
=515  \\$5w$3BY-NLB-ar2272624$aКасцёл святога архангела Міхаіла (Луконіца, вёска; Зэльвенскі раён)
=801  \2$aBY$bBY-HM0000$c20081229
=801  \0$aBY$bBY-HM0000$c20060328
=810  \\$aРеспублика Беларусь : энциклопедия. Т. 4. – Мн., 2007. – С. 561.
=810  \\$aКаталіцкія храмы Беларусі : энцыкл. давед. – Мн., 2008.
=810  \\$aКаталіцкія храмы на Беларусі : энцыкл. давед. – Мн., 2000.
=999  \\$g2786$t20081229
=999  \\$f449$t20060328

Чтобы вернуться назад, щелкните кнопку BACK на Вашем браузере